|
วิทยาลัยพยาบาลบรมราชชนนี ยะลา |
|
แสดงรายละเอียดบรรณานุกรม |
|
|
Brief Record
: Get Marc (ISO 2709)
: E-mail record
: |
| LEADER 00000nam 2200000uu 4500 | |||
| 001 3860 | |||
| 003 ULIBM | |||
| 008 260616s2009||||th 000 0 tha d | |||
| 020 9780071474641 | |||
| 060 04 ^aWB17^bU84T | |||
| 100 1 Usatine,Richard P. | |||
| 245 00 ^aThe Color Atlas of Family Medicine/^cRichard P. Usatine | |||
| 260 ^aNew York:^bMcGraw-Hill,^c2009. | |||
| 300 ^axviii,1095p. :^bill ;^c29cm. | |||
| 650 7 Family Practice^xAtlases | |||
| 999 ^aฮัซวานี | |||
| คุณยังไม่ได้ล็อกอิน คุณสามารถมีกิจกรรมร่วมกับเว็บไซต์ได้ แต่ต้องล็อกอินก่อน :: |
|
| สถานะ | |||||||||
| 1. | หนังสือภาษาอังกฤษทางการพยาบาล | WB17 U84T 2009 V.1 | ►หนังสือ ตำรา ทางการพยาบาล | On Shelf ขอยืม | |||||
| [แสดง 1/1 รายการ] | |||||||||
BibComment |
| คอมเมนท์ทรัพยากรรายการนี้ |
|
|